Scottish Counties (1947) (Map Quiz) - Statistics

General Stats
  • This quiz has been taken 588 times
  • The average score is 15 of 33
Answers on the Map
Answers color-coded by a green-red scale on the quiz's map according to % correct below.
 
Answer Stats
Answer % Correct
Orkney
72%
Zetland / Shetland
71%
Aberdeen
62%
Perth
61%
East Lothian
60%
Fife
60%
Ayr
54%
Argyll
53%
West Lothian
53%
Caithness
51%
Dumfries
50%
Midlothian
50%
Bute
48%
Angus
47%
Inverness
47%
Lanark
45%
Berwick
44%
Sutherland
44%
Moray
42%
Nairn
40%
Ross and Cromarty
40%
Stirling
39%
Peebles
37%
Wigtown
37%
Banff
35%
Clackmannan
35%
Selkirk
34%
Dunbarton
33%
Kinross
31%
Renfrew
31%
Roxburgh
30%
Kirkcudbright
28%
Kincardine
23%
No matching quizzes found
Score Distribution
Percent of People with Each Score
Percentile by Number Answered
Your Score History
You have not taken this quiz